[Event "TUR-chT"]
[Site "Ankara"]
[Date "2018.08.05"]
[Round "13.5"]
[White "Mammadzada, Gunay Vuqar Qizi"]
[Black "Soylemez, Cansu"]
[Result "1-0"]
[WhiteElo "2426"]
[BlackElo "1801"]
[PlyCount "83"]
[EventDate "2018.07.25"]
[EventType "team-tourn"]
[EventRounds "13"]
[EventCountry "TUR"]
[SourceTitle "CBM 185 Extra"]
[Source "ChessBase"]
[SourceDate "2018.07.29"]
[SourceVersion "1"]
[SourceVersionDate "2018.07.29"]
[SourceQuality "1"]
[WhiteTeam "Karaman Belediye"]
[BlackTeam "Besiktas Jimnastik"]
[WhiteTeamCountry "TUR"]
[BlackTeamCountry "TUR"]

1. e4 c5 2. Nf3 Nc6 3. d4 cxd4 4. Nxd4 Nf6 5. Nc3 e5 6. Ndb5 d6 7. Bg5 a6 8. Na3 b5 9. Nd5 Be7 10. Bxf6 Bxf6 11. c3 Bg5 12. Nc2 Ne7 13. h4 Bh6 14. Nce3 Bxe3 15. Nxe3 0-0 16. Be2 Be6 17. Bf3 Rb8 18. Qd2 Qb6 19. a3 Kh8 20. h5 a5 21. b4 Rfc8 22. 0-0 a4 23. Rac1 f5 24. exf5 Nxf5 25. Nxf5 Bxf5 26. h6 Qd8 27. Rfd1 Rb6 28. hxg7+ Kxg7 29. Qe3 Be6 30. Rd2 Bb3 31. Be4 h6 32. f4 exf4 33. Qd4+ Kg8 34. Rf1 Be6 35. Bd5 Bxd5 36. Qxd5+ Kh8 37. Qd4+ Kh7 38. Rxf4 Qc7 39. Rdf2 Rb7 40. Qe4+ Kh8 41. Qe6 Qxc3 42. Rf8+ 1-0

[Event "TUR-chT"]
[Site "Kocaeli"]
[Date "2014.08.28"]
[Round "12.5"]
[White "Soylemez, Cansu"]
[Black "Ibrahimova, Sabina Oqtay"]
[Result "0-1"]
[WhiteElo "1919"]
[BlackElo "2263"]
[PlyCount "72"]
[EventDate "2014.08.18"]
[EventType "team-tourn"]
[EventRounds "13"]
[EventCountry "TUR"]
[SourceTitle "CBM 162 Extra"]
[Source "ChessBase"]
[SourceDate "2014.10.17"]
[SourceVersion "1"]
[SourceVersionDate "2014.10.17"]
[SourceQuality "1"]
[WhiteTeam "Besiktas Jimnastik"]
[BlackTeam "Mersin Ezgi"]
[WhiteTeamCountry "TUR"]
[BlackTeamCountry "TUR"]

1. d4 Nf6 2. c4 g6 3. Nf3 Bg7 4. g3 d6 5. Bg2 0-0 6. 0-0 Nc6 7. Nc3 a6 8. Re1 Rb8 9. a4 e5 10. d5 Ne7 11. e4 a5 12. Nd2 b6 13. Ra3 Nd7 14. Nb3 f5 15. f4 Nc5 16. Nxc5 bxc5 17. fxe5 Bxe5 18. Nb5 fxe4 19. Bxe4 Nf5 20. Rf3 Bd7 21. Kh1 Qe7 22. Qd3 Nd4 23. Rxf8+ Rxf8 24. Bd2 Rf2 25. Bg2 Bf5 26. Qe3 Rxg2 27. Kxg2 Nc2 28. Qe2 Nxe1+ 29. Bxe1 Qd7 30. Bc3 Bh3+ 31. Kg1 Qf5 32. Bxe5 dxe5 33. Nxc7 e4 34. Qf2 Qg4 35. Qc2 Qf3 36. d6 Qf1# 0-1

[Event "TUR-chT"]
[Site "Kocaeli"]
[Date "2014.08.21"]
[Round "4.1"]
[White "Soylemez, Cansu"]
[Black "Soydan, Busra"]
[Result "0-1"]
[WhiteElo "1919"]
[BlackElo "1762"]
[PlyCount "144"]
[EventDate "2014.08.18"]
[EventType "team-tourn"]
[EventRounds "13"]
[EventCountry "TUR"]
[SourceTitle "CBM 162 Extra"]
[Source "ChessBase"]
[SourceDate "2014.10.17"]
[SourceVersion "1"]
[SourceVersionDate "2014.10.17"]
[SourceQuality "1"]
[WhiteTeam "Besiktas Jimnastik"]
[BlackTeam "TS Alyans"]
[WhiteTeamCountry "TUR"]
[BlackTeamCountry "TUR"]

1. d4 Nf6 2. c4 c5 3. d5 b5 4. Nd2 bxc4 5. Nxc4 d6 6. g3 Bb7 7. Bg2 g6 8. e4 Bg7 9. Ne2 0-0 10. 0-0 Nbd7 11. Bd2 Rb8 12. Ba5 Qc8 13. Rc1 Ba6 14. b4 Bxc4 15. Rxc4 Qa6 16. Qb3 Ne5 17. Rc2 Nd3 18. Qc4 Qxc4 19. Rxc4 Nd7 20. f4 Rfc8 21. Bh3 Rb7 22. Rf3 Nb2 23. Rc2 Na4 24. Ra3 Nab6 25. Bxb6 axb6 26. Ra6 Rcb8 27. b5 Rc7 28. Rc4 Nf8 29. Nc3 Bxc3 30. Rxc3 e6 31. dxe6 fxe6 32. Bg2 Kf7 33. Rca3 Nd7 34. Rd3 Ke7 35. Kf2 Rbc8 36. Ke2 c4 37. Rc3 Nc5 38. Raa3 Nd7 39. Ke3 Rc5 40. Ra4 d5 41. Rb4 Nf6 42. Kd4 Rd8 43. e5 Ng4 44. h3 Nf2 45. Ra3 Rdc8 46. Rc3 Ra8 47. Rbxc4 Rxb5 48. Rc7+ Kd8 49. Rc2 Nd1 50. Rxh7 Ra4+ 51. Kd3 Nb2+ 52. Ke2 Nc4 53. Rg7 Ra3 54. Rxg6 Ne3 55. Rg8+ Kd7 56. Rg7+ Kd8 57. Rg8+ Kd7 58. Rg7+ Kd8 59. Rg8+ Kd7 60. Rcc8 Rb2+ 61. Kf3 Nf5+ 62. Kg4 Nh6+ 63. Kh5 Nxg8 64. Rxg8 Rxg2 65. g4 Rxh3+ 66. Kg5 Rhg3 67. Kh5 d4 68. Rg7+ Kc6 69. Re7 Kd5 70. Rd7+ Ke4 71. Rd6 Rxg4 72. Rxe6 Rg8 0-1

[Event "Wch U20 Girls 31st"]
[Site "Kocaeli"]
[Date "2013.09.26"]
[Round "13"]
[White "Rakhmangulova, Anastasiya"]
[Black "Soylemez, Cansu"]
[Result "1-0"]
[WhiteElo "2194"]
[BlackElo "1905"]
[PlyCount "99"]
[EventDate "2013.09.13"]
[EventType "swiss"]
[EventRounds "13"]
[EventCountry "TUR"]
[SourceTitle "CBM 156 Extra"]
[Source "ChessBase"]
[SourceDate "2013.10.22"]
[SourceVersion "1"]
[SourceVersionDate "2013.10.22"]
[SourceQuality "1"]

1. e4 c5 2. Nf3 Nc6 3. Bc4 e6 4. Qe2 a6 5. d3 Be7 6. Bb3 Nf6 7. c3 0-0 8. 0-0 b5 9. e5 Nd5 10. d4 cxd4 11. cxd4 Bb7 12. Nc3 Nxc3 13. bxc3 Rc8 14. Bc2 f5 15. exf6 Bxf6 16. h4 Ne7 17. Ng5 g6 18. h5 Nf5 19. Ne4 Bg7 20. hxg6 hxg6 21. Bg5 Qc7 22. Rac1 Kf7 23. Qg4 Rh8 24. Bf4 Qb6 25. Rfe1 Bxe4 26. Bxe4 Rh4 27. Qf3 Rch8 28. Kf1 Qa5 29. Bd2 Kg8 30. Ke2 b4 31. g3 Rh2 32. Qg4 Kf7 33. cxb4 Qxa2 34. Rc2 Nxd4+ 35. Kf1 Nxc2 36. Qxg6+ Kf8 37. Bxc2 Qc4+ 38. Bd3 Qd5 39. Qe4 Qxe4 40. Rxe4 Ke7 41. Bxa6 Rf8 42. Be3 Ra8 43. b5 d5 44. Bc5+ Kd7 45. Rf4 Bh6 46. Rf7+ Kd8 47. Rh7 Rb8 48. b6 e5 49. Bb5 Kc8 50. Rc7+ 1-0

[Event "Wch U20 Girls 31st"]
[Site "Kocaeli"]
[Date "2013.09.25"]
[Round "12"]
[White "Soylemez, Cansu"]
[Black "Juhasz, Barbara"]
[Result "1/2-1/2"]
[WhiteElo "1905"]
[BlackElo "2169"]
[PlyCount "63"]
[EventDate "2013.09.13"]
[EventType "swiss"]
[EventRounds "13"]
[EventCountry "TUR"]
[SourceTitle "CBM 156 Extra"]
[Source "ChessBase"]
[SourceDate "2013.10.22"]
[SourceVersion "1"]
[SourceVersionDate "2013.10.22"]
[SourceQuality "1"]

1. d4 Nf6 2. c4 g6 3. Nc3 Bg7 4. e4 d6 5. Be2 0-0 6. Bg5 Nbd7 7. Qd2 e5 8. d5 a5 9. h4 Nc5 10. f3 Qd7 11. Bh6 Nh5 12. g4 Bxh6 13. Qxh6 Nf4 14. Kd2 f6 15. Nh3 Qg7 16. Qxg7+ Kxg7 17. Nxf4 exf4 18. Rag1 h6 19. g5 fxg5 20. hxg5 h5 21. Rh4 Rf7 22. Bf1 Nd7 23. Nb5 Ne5 24. Be2 Kf8 25. Kc3 b6 26. Rf1 Rb8 27. Bd1 Ba6 28. b3 Bxb5 29. cxb5 Ke7 30. Kd4 Ra8 31. Rf2 Kd8 32. a4 1/2-1/2

[Event "Wch U20 Girls 31st"]
[Site "Kocaeli"]
[Date "2013.09.19"]
[Round "7"]
[White "Leonardi, Caterina"]
[Black "Soylemez, Cansu"]
[Result "1/2-1/2"]
[WhiteElo "1944"]
[BlackElo "1905"]
[PlyCount "87"]
[EventDate "2013.09.13"]
[EventType "swiss"]
[EventRounds "13"]
[EventCountry "TUR"]
[SourceTitle "CBM 156 Extra"]
[Source "ChessBase"]
[SourceDate "2013.10.22"]
[SourceVersion "1"]
[SourceVersionDate "2013.10.22"]
[SourceQuality "1"]

1. d4 Nf6 2. c4 e6 3. Nc3 Bb4 4. Bg5 0-0 5. e4 h6 6. Bxf6 Qxf6 7. Nf3 d6 8. Be2 Bxc3+ 9. bxc3 Qg6 10. Qd3 Nd7 11. 0-0 e5 12. Nh4 Qg5 13. Nf5 Nb6 14. Ne3 g6 15. g3 Bh3 16. f4 Qe7 17. Rf2 Rae8 18. Bg4 exd4 19. cxd4 Qxe4 20. Qxe4 Rxe4 21. Bxh3 Rxe3 22. c5 dxc5 23. dxc5 Nd5 24. Bg2 Rd3 25. Rc1 c6 26. Rb2 Rb8 27. Rcb1 b5 28. cxb6 axb6 29. Bxd5 cxd5 30. Rxb6 Rxb6 31. Rxb6 Rd1+ 32. Kf2 Rd2+ 33. Ke3 Rxa2 34. Rd6 Rxh2 35. Rxd5 Kg7 36. g4 h5 37. gxh5 gxh5 38. Kf3 Kg6 39. Rg5+ Kh6 40. Rf5 Kg6 41. Rg5+ Kf6 42. Kg3 Rh1 43. Kg2 Rh4 44. Kg3 1/2-1/2

[Event "Mediterranean-ch U20"]
[Site "Crete"]
[Date "2013.09.02"]
[Round "9"]
[White "Soylemez, Cansu"]
[Black "Hnara, Maria Danai"]
[Result "0-1"]
[WhiteElo "1925"]
[BlackElo "1675"]
[PlyCount "106"]
[EventDate "2013.08.27"]
[EventType "swiss"]
[EventRounds "9"]
[EventCountry "GRE"]
[SourceTitle "CBM 156 Extra"]
[Source "ChessBase"]
[SourceDate "2013.10.22"]
[SourceVersion "1"]
[SourceVersionDate "2013.10.22"]
[SourceQuality "1"]

1. d4 d5 2. c4 dxc4 3. Nf3 e6 4. e3 a6 5. Bxc4 Nf6 6. 0-0 c5 7. a4 Nc6 8. Nc3 cxd4 9. exd4 Be7 10. Bg5 0-0 11. Qd2 Qc7 12. Qe2 Rd8 13. Rad1 Nd5 14. Qe4 h6 15. Bxe7 Ncxe7 16. Bd3 Nf6 17. Qe2 b6 18. Ne4 Ned5 19. Nxf6+ Nxf6 20. Ne5 Bb7 21. f4 Qd6 22. Bb1 Qb4 23. Qe3 Qxa4 24. f5 Bd5 25. Qg3 Nh5 26. Qh4 Nf6 27. fxe6 Bxe6 28. Rd3 Rd5 29. Rxf6 Rxe5 30. Rxh6 gxh6 31. Qxh6 Re1+ 32. Kf2 Re2+ 33. Kxe2 Bc4 34. Kd2 Bxd3 35. Kxd3 Qd1+ 36. Kc4 Qxb1 37. Qxb6 Rc8+ 38. Kb3 Qc2+ 39. Ka3 Qxg2 40. Qd6 Qh3+ 41. Kb4 Qe6 42. Qg3+ Kf8 43. Ka3 Qe7+ 44. Ka2 Qe6+ 45. Ka3 Rd8 46. Qc3 Qd6+ 47. Ka2 Qxd4 48. Qa3+ Qd6 49. Qa4 Qxh2 50. Qxa6 Qd6 51. Qa4 Qd5+ 52. Kb1 Qd1+ 53. Qxd1 Rxd1+ 0-1

[Event "TUR-chT"]
[Site "Denizli"]
[Date "2013.07.06"]
[Round "9.8"]
[White "Kaplan, Ebru"]
[Black "Soylemez, Cansu"]
[Result "0-1"]
[WhiteElo "1893"]
[BlackElo "1938"]
[PlyCount "106"]
[EventDate "2013.06.29"]
[EventType "team-tourn"]
[EventRounds "13"]
[EventCountry "TUR"]
[SourceTitle "CBM 155 Extra"]
[Source "ChessBase"]
[SourceDate "2013.08.26"]
[SourceVersion "1"]
[SourceVersionDate "2013.08.26"]
[SourceQuality "1"]
[WhiteTeam "Tarsus Zeka"]
[BlackTeam "Besiktas Jimnastik"]
[WhiteTeamCountry "TUR"]
[BlackTeamCountry "TUR"]

1. e4 c5 2. Nc3 Nc6 3. g3 g6 4. Bg2 Bg7 5. d3 d6 6. Nge2 e5 7. 0-0 Nge7 8. f4 0-0 9. Be3 Rb8 10. Qd2 Nd4 11. h3 b5 12. Nd1 b4 13. Nc1 a5 14. c3 Ndc6 15. Kh2 Bd7 16. f5 gxf5 17. exf5 Nxf5 18. Rxf5 Bxf5 19. Bxc6 Bxh3 20. Nf2 Be6 21. c4 f5 22. Ne2 Qc7 23. Bg2 Qf7 24. Kg1 Qh5 25. Rf1 Rf6 26. Nh3 f4 27. Nhxf4 exf4 28. Nxf4 Qe5 29. Nxe6 Rxe6 30. Bd5 Qxg3+ 31. Kh1 Qh3+ 32. Kg1 Kh8 33. Bxe6 Qxe6 34. Rf3 Qg4+ 35. Kf2 Be5 36. Qe2 Qh4+ 37. Kf1 Qh1+ 38. Kf2 Rg8 39. Qf1 Qh2+ 40. Ke1 Qxb2 41. Bd2 Qxa2 42. Qh3 Qa1+ 43. Ke2 Qg1 44. Rf2 Qg4+ 45. Qxg4 Rxg4 46. Rf7 b3 47. Bxa5 Rg2+ 48. Kf1 Ra2 49. Rb7 b2 50. Be1 Ra1 51. d4 Bxd4 52. Rb6 b1Q 53. Rb2 Qxe1+ 0-1

[Event "TUR-chT"]
[Site "Denizli"]
[Date "2013.06.30"]
[Round "2.8"]
[White "Paikidze, Nazi"]
[Black "Soylemez, Cansu"]
[Result "1-0"]
[WhiteElo "2368"]
[BlackElo "1938"]
[PlyCount "94"]
[EventDate "2013.06.29"]
[EventType "team-tourn"]
[EventRounds "13"]
[EventCountry "TUR"]
[SourceTitle "CBM 155 Extra"]
[Source "ChessBase"]
[SourceDate "2013.08.26"]
[SourceVersion "1"]
[SourceVersionDate "2013.08.26"]
[SourceQuality "1"]
[WhiteTeam "Alyans Satranc"]
[BlackTeam "Besiktas Jimnastik"]
[WhiteTeamCountry "TUR"]
[BlackTeamCountry "TUR"]

1. e4 c5 2. b3 d5 3. exd5 Qxd5 4. Nc3 Qd8 5. Bb5+ Bd7 6. Qe2 a6 7. Bxd7+ Qxd7 8. Nf3 Nc6 9. Bb2 Nf6 10. Ne4 Nxe4 11. Qxe4 0-0-0 12. 0-0-0 Qd5 13. d3 h5 14. c4 Qxe4 15. dxe4 f6 16. e5 fxe5 17. Nxe5 Nxe5 18. Bxe5 Rh6 19. h4 Re6 20. Rxd8+ Kxd8 21. Rd1+ Kc8 22. Rd5 b6 23. g3 g6 24. Kd2 Bh6+ 25. Kd3 Kb7 26. Ke4 Kc8 27. a4 Rc6 28. Rd1 a5 29. Rd3 Bf8 30. Rf3 Bh6 31. Rf7 Kd7 32. Rh7 Bd2 33. f4 Bc1 34. Kd5 Re6 35. Rh8 Rc6 36. Ra8 e6+ 37. Ke4 Bd2 38. Rg8 Rc8 39. Rxg6 Ke7 40. Rg7+ Kf8 41. Rh7 Ke8 42. Rxh5 Be1 43. Rh8+ Kd7 44. Rxc8 Kxc8 45. f5 exf5+ 46. Kxf5 Kd7 47. h5 Bd2 1-0

[Event "TUR-ch"]
[Site "Antalya"]
[Date "2013.02.07"]
[Round "9"]
[White "Sahin, Handenur"]
[Black "Soylemez, Cansu"]
[Result "0-1"]
[WhiteElo "1819"]
[BlackElo "1966"]
[PlyCount "94"]
[EventDate "2013.02.02"]
[EventType "swiss"]
[EventRounds "11"]
[EventCountry "TUR"]
[SourceTitle "CBM 152 Extra"]
[Source "ChessBase"]
[SourceDate "2013.02.25"]
[SourceVersion "1"]
[SourceVersionDate "2013.02.25"]
[SourceQuality "1"]

1. d4 Nf6 2. Nf3 e6 3. Bg5 c5 4. e3 Be7 5. c3 b6 6. Nbd2 Bb7 7. Bd3 cxd4 8. exd4 Nc6 9. 0-0 Nd5 10. Ne4 Qc7 11. Bxe7 Ncxe7 12. Re1 0-0 13. Nfg5 f5 14. Ng3 Nf4 15. Bf1 Neg6 16. Re3 Nh4 17. Nh5 Nhxg2 18. Rg3 Nh4 19. Nxg7 Qc6 20. d5 Qxd5 21. Qxd5 Nxd5 22. N7xe6 dxe6 23. Nxe6+ Kh8 24. Nxf8 Rxf8 25. Bg2 Nxg2 26. Rxg2 Nf4 27. Rg3 Ne2+ 28. Kf1 Nxg3+ 29. hxg3 Ba6+ 30. Kg2 Rd8 31. Re1 Rd7 32. Re5 Bd3 33. Kf3 Kg7 34. g4 Kf6 35. Re3 fxg4+ 36. Kxg4 Bf5+ 37. Kf4 Rd2 38. f3 Rxb2 39. Re8 Bg6 40. Rf8+ Ke7 41. Rb8 Rxa2 42. c4 Ra4 43. Ke5 Ra5+ 44. Kd4 Kd7 45. f4 Kc7 46. Rg8 Rf5 47. Rg7+ Rf7 0-1

[Event "TUR-ch"]
[Site "Antalya"]
[Date "2013.02.02"]
[Round "1"]
[White "Dalgar, Hakki Berat"]
[Black "Soylemez, Cansu"]
[Result "1/2-1/2"]
[WhiteElo "1596"]
[BlackElo "1966"]
[PlyCount "105"]
[EventDate "2013.02.02"]
[EventType "swiss"]
[EventRounds "11"]
[EventCountry "TUR"]
[SourceTitle "CBM 152 Extra"]
[Source "ChessBase"]
[SourceDate "2013.02.25"]
[SourceVersion "1"]
[SourceVersionDate "2013.02.25"]
[SourceQuality "1"]

1. d4 Nf6 2. Nf3 e6 3. Nbd2 d5 4. e3 Be7 5. Bd3 0-0 6. 0-0 Nbd7 7. Qe2 c5 8. c3 Qc7 9. e4 dxe4 10. Nxe4 Nxe4 11. Qxe4 Nf6 12. Qh4 h6 13. Bxh6 Nd5 14. Bg5 f5 15. Rae1 Bf6 16. Bc4 Bd7 17. Bxd5 exd5 18. Bxf6 Rxf6 19. Re7 Re8 20. Rfe1 Rxe7 21. Rxe7 Qd6 22. Re5 b6 23. Qf4 Rg6 24. Qh4 Rf6 25. Qf4 Rg6 26. dxc5 bxc5 27. Qd2 Be6 28. c4 d4 29. Qa5 Bxc4 30. Qxc5 Qxc5 31. Rxc5 Bxa2 32. Rxf5 d3 33. Ra5 Bb3 34. Ra3 Bc2 35. Ra1 Rb6 36. Kf1 Rxb2 37. Ke1 Rb7 38. Kd2 Re7 39. Nd4 Kh7 40. Ra2 Rf7 41. f3 Kg6 42. Nxc2 dxc2 43. Rxc2 a5 44. Ke3 a4 45. Ra2 Ra7 46. Ra3 Kf5 47. f4 Ra5 48. Kf3 Ke6 49. Ke4 Kd6 50. Kd4 Rd5+ 51. Ke3 Ra5 52. Kd4 Rd5+ 53. Ke3 1/2-1/2

[Event "TUR-chT"]
[Site "Konya"]
[Date "2010.06.30"]
[Round "2"]
[White "Isparta, Sevim"]
[Black "Soylemez, Cansu"]
[Result "0-1"]
[WhiteElo "1605"]
[BlackElo "1935"]
[PlyCount "58"]
[EventDate "2010.06.29"]
[EventType "team-tourn"]
[EventRounds "13"]
[EventCountry "TUR"]
[SourceTitle "CBM 137 Extra"]
[Source "ChessBase"]
[SourceDate "2010.09.01"]
[SourceVersion "1"]
[SourceVersionDate "2010.09.01"]
[SourceQuality "1"]

1. e4 c5 2. Ne2 Nc6 3. Nbc3 Nf6 4. g3 d5 5. exd5 Nxd5 6. Bg2 e6 7. 0-0 Be7 8. d3 0-0 9. Re1 Nc7 10. Nf4 Nd4 11. Bd2 Rb8 12. Nfe2 b6 13. a4 Bb7 14. Bxb7 Rxb7 15. Nxd4 cxd4 16. Nb1 Nd5 17. Na3 Bd6 18. Qg4 Qf6 19. Nb5 Bc5 20. Re4 Qe7 21. Qe2 Qd7 22. Rh4 Nf6 23. Bg5 Qd5 24. Qd2 Nd7 25. Re1 Ne5 26. Rxe5 Qxe5 27. Bf4 Qd5 28. Rg4 f5 29. Rg5 e5 0-1

[Event "Ankara Campomanes Memorial WIM"]
[Site "Ankara"]
[Date "2010.05.19"]
[Round "6"]
[White "Partac, Elena"]
[Black "Soylemez, Cansu"]
[Result "1/2-1/2"]
[WhiteElo "2155"]
[BlackElo "1935"]
[PlyCount "64"]
[EventDate "2010.05.17"]
[EventType "schev"]
[EventRounds "10"]
[EventCountry "TUR"]
[SourceTitle "CBM 136 Extra"]
[Source "ChessBase"]
[SourceDate "2010.07.02"]
[SourceVersion "2"]
[SourceVersionDate "2010.07.15"]
[SourceQuality "1"]

1. e4 c5 2. Nf3 Nc6 3. Bb5 g6 4. 0-0 Bg7 5. Re1 Nf6 6. e5 Nd5 7. Nc3 Nc7 8. Bxc6 dxc6 9. Ne4 Ne6 10. d3 0-0 11. Be3 b6 12. Qd2 f6 13. exf6 exf6 14. Bh6 Ng5 15. Bxg7 Nxf3+ 16. gxf3 Kxg7 17. Qf4 a5 18. Re2 Ra7 19. Rae1 Rd7 20. Ng3 Rdf7 21. b3 Qd5 22. Ne4 Qd4 23. c3 Qe5 24. Qxe5 fxe5 25. Ng5 Rf5 26. Rxe5 Kh6 27. h4 Kh5 28. Nxh7 Rh8 29. Nf6+ Kxh4 30. Kg2 Rg5+ 31. Kh2 Rf5 32. Rxf5 Bxf5 1/2-1/2

[Event "Wch U16 Girls"]
[Site "Kemer"]
[Date "2009.11.16"]
[Round "5"]
[White "Soylemez, Cansu"]
[Black "Pujari, Rucha"]
[Result "0-1"]
[WhiteElo "1913"]
[BlackElo "2060"]
[PlyCount "104"]
[EventDate "2009.11.12"]
[EventType "swiss"]
[EventRounds "11"]
[EventCountry "TUR"]
[SourceTitle "EXT 2010"]
[Source "ChessBase"]
[SourceDate "2010.11.25"]
[SourceVersion "1"]
[SourceVersionDate "2010.11.25"]
[SourceQuality "1"]

1. d4 d5 2. c4 e6 3. Nc3 Nf6 4. cxd5 exd5 5. Bg5 c6 6. e3 Be7 7. Bd3 Nbd7 8. Qc2 0-0 9. Nge2 h6 10. Bh4 Re8 11. 0-0 Ne4 12. Bg3 Nxc3 13. bxc3 b6 14. f3 c5 15. Bb5 Bb7 16. Qa4 a6 17. Bxd7 b5 18. Bxb5 axb5 19. Qxb5 Ba6 20. Qb2 Bg5 21. Bf2 cxd4 22. cxd4 Bxe3 23. Bxe3 Rxe3 24. Rf2 Qe8 25. Ng3 Rc8 26. h3 g6 27. Kh2 h5 28. Qd2 Qe7 29. Rc1 Rxc1 30. Qxc1 Re1 31. Qc3 Rd1 32. f4 h4 33. Nh1 Qe4 34. Rf3 Qe2 35. Qe3 Qxe3 36. Rxe3 Rxd4 37. f5 gxf5 38. Re5 Bd3 39. a4 Be4 40. Nf2 f6 41. Re6 Kf7 42. Ra6 Kg6 43. a5 Kg5 44. Rd6 Kf4 45. a6 Ke3 46. Kg1 Ra4 47. Nd1+ Kd2 48. Nf2 d4 49. Rxf6 Ke2 50. Nxe4 Ra1+ 51. Kh2 fxe4 52. Rf4 Ke3 0-1

[Event "EU-chT (Women) 08th"]
[Site "Novi Sad"]
[Date "2009.10.27"]
[Round "6"]
[White "Soylemez, Cansu"]
[Black "Gjorgjieva, Ivana"]
[Result "0-1"]
[WhiteElo "1907"]
[BlackElo "1917"]
[PlyCount "84"]
[EventDate "2009.10.22"]
[EventType "team-swiss"]
[EventRounds "9"]
[EventCountry "YUG"]
[SourceTitle "EXT 2010"]
[Source "ChessBase"]
[SourceDate "2010.11.25"]
[SourceVersion "1"]
[SourceVersionDate "2010.11.25"]
[SourceQuality "1"]
[WhiteTeam "Turkey (W)"]
[BlackTeam "Macedonia (W)"]
[WhiteTeamCountry "TUR"]
[BlackTeamCountry "MKD"]

1. d4 Nf6 2. c4 e6 3. Nf3 Bb4+ 4. Nbd2 d6 5. a3 Bxd2+ 6. Bxd2 0-0 7. g3 b6 8. Bg2 Bb7 9. 0-0 a5 10. b3 Nbd7 11. Bc3 Qe7 12. Rc1 e5 13. d5 a4 14. b4 b5 15. Nh4 Nb6 16. cxb5 Bxd5 17. Bxd5 Nfxd5 18. e4 Nf6 19. Nf5 Qd7 20. Qe2 g6 21. Qe3 Ne8 22. Nh6+ Kg7 23. Bd2 f6 24. Qe2 Rb8 25. Ng4 Kh8 26. Bh6 Rf7 27. f4 Ng7 28. fxe5 fxe5 29. Rxf7 Qxf7 30. Rf1 Qe7 31. Qf3 Kg8 32. Nf6+ Kh8 33. Qg4 Rf8 34. Bg5 Ne6 35. Nxh7 Rxf1+ 36. Kxf1 Qf7+ 37. Bf6+ Kg8 38. Qh3 Ng5 39. Qh6 Nxh7 40. Kg2 Qxf6 41. Qc1 Qf7 42. Qc6 Ng5 0-1

[Event "EU-chT (Women) 08th"]
[Site "Novi Sad"]
[Date "2009.10.24"]
[Round "3"]
[White "Soylemez, Cansu"]
[Black "Krivec, Jana"]
[Result "0-1"]
[WhiteElo "1907"]
[BlackElo "2329"]
[PlyCount "68"]
[EventDate "2009.10.22"]
[EventType "team-swiss"]
[EventRounds "9"]
[EventCountry "YUG"]
[SourceTitle "EXT 2010"]
[Source "ChessBase"]
[SourceDate "2010.11.25"]
[SourceVersion "1"]
[SourceVersionDate "2010.11.25"]
[SourceQuality "1"]
[WhiteTeam "Turkey (W)"]
[BlackTeam "Slovenia (W)"]
[WhiteTeamCountry "TUR"]
[BlackTeamCountry "SLO"]

1. d4 d5 2. c4 dxc4 3. e4 Nc6 4. d5 Ne5 5. Bf4 Ng6 6. Bg3 e5 7. Bxc4 a6 8. Ne2 Bd6 9. 0-0 Nf6 10. Nd2 h5 11. h3 h4 12. Bh2 Nh5 13. Nf3 Qf6 14. Qd3 Nf8 15. Qe3 Nh7 16. Kh1 g5 17. Nfg1 Nf4 18. Qf3 g4 19. hxg4 Ng5 20. Qc3 h3 21. Bxf4 hxg2+ 22. Kxg2 Nxe4 23. Qe3 Qh4 24. Ng3 Bxg4 25. Rfc1 exf4 26. Qxe4+ Kd7 27. Be2 Bh3+ 28. Nxh3 Qxh3+ 29. Kg1 Rag8 30. Qf3 fxg3 31. Qxf7+ Kd8 32. Qf6+ Be7 33. Qf3 Qh2+ 34. Kf1 g2+ 0-1